Nominatividad de las acciones (Registro nro. 17915)

Detalles MARC
000 -LEADER
fixed length control field 00357 a2200121 4500
001 - CONTROL NUMBER
control field ART_10405
005 - DATE AND TIME OF LATEST TRANSACTION
control field 20260410161732.0
008 - FIXED-LENGTH DATA ELEMENTS--GENERAL INFORMATION
fixed length control field 260409a
100 1# - MAIN ENTRY--PERSONAL NAME
Personal name Berardi, Jorge
245 10 - TITLE STATEMENT
Title Nominatividad de las acciones
700 1# - ADDED ENTRY--PERSONAL NAME
Personal name Vergara del Carril, Daniel
773 0# - HOST ITEM ENTRY
Title Ejecutivos de finanzas
Related parts - Año 3, Nº 26 (abr. 1986)
Record control number REV2863

No hay ítems disponibles.